Bring on the Dancing Horses: Echo & the Bunnymen Lyrics - Statistics

General Stats
  • This quiz has been taken 21 times
  • The average score is 89 of 127
Answer Stats
Lyrics % Correct
and
100%
bring
100%
on
100%
the
100%
dancing
92%
horses
92%
say
92%
every
85%
he
85%
it
85%
of
85%
then
85%
words
85%
make
77%
apart
69%
break
69%
falls
69%
first
69%
gonna
69%
heard
69%
I'm
69%
lie
69%
shiver
69%
'til
69%
you've
69%
all
62%
brittle
62%
heart
62%
no
62%
they
62%
way
62%
your
62%
breaking
54%
headless
54%
made
54%
may
54%
messiah
54%
new
54%
roam
54%
stone
54%
wherever
54%
alone
46%
clown
46%
hating
46%
home
46%
Jimmy
46%
shaking
46%
while
46%
bone
38%
Brown
38%
Charlie
38%
faking
38%
skin
31%
sinking
23%
stands
23%
sand
15%
Billy
8%
No matching quizzes found
Score Distribution
Percent of People with Each Score
Percentile by Number Answered
Your Score History
You have not taken this quiz